UBT Library

Ethics, efficiency, and the market / (Record no. 41794)

000 -LEADER
fixed length control field 00603cam a2200229 a 4500
001 - CONTROL NUMBER
control field 953031
005 - DATE AND TIME OF LATEST TRANSACTION
control field 20180205075548.0
008 - FIXED-LENGTH DATA ELEMENTS--GENERAL INFORMATION
fixed length control field 841120s1985 nju b 001 0 eng
010 ## - LIBRARY OF CONGRESS CONTROL NUMBER
LC control number 84027525
020 ## - INTERNATIONAL STANDARD BOOK NUMBER
International Standard Book Number 0847673952 :
Terms of availability $24.50
020 ## - INTERNATIONAL STANDARD BOOK NUMBER
International Standard Book Number 0847673960 (pbk.) :
Terms of availability $10.95
040 ## - CATALOGING SOURCE
Original cataloging agency DLC
Transcribing agency DLC
Modifying agency DLC
041 ## - LANGUAGE CODE
Language code of text/sound track or separate title eng
080 ## - UNIVERSAL DECIMAL CLASSIFICATION NUMBER
Universal Decimal Classification number 174.4
082 00 - DEWEY DECIMAL CLASSIFICATION NUMBER
Classification number 174.4 BUCH
Edition number 19
100 1# - Rafti
Rafti 24
101 ## - Shkurtesa
Shkurtesa FIL
245 10 - TITLE STATEMENT
Title Ethics, efficiency, and the market /
Statement of responsibility, etc Allen Buchanan.
504 ## - BIBLIOGRAPHY, ETC. NOTE
Bibliography, etc Bibliography: p. [127]-131.
906 ## - LOCAL DATA ELEMENT F, LDF (RLIN)
a 7
b cbc
c orignew
d 1
e ocip
f 19
g y-gencatlg
942 ## - ADDED ENTRY ELEMENTS (KOHA)
Source of classification or shelving scheme
Item type Books
Holdings
Withdrawn status Lost status Source of classification or shelving scheme Damaged status Not for loan Collection code Permanent location Current location Shelving location Date acquired Total Checkouts Full call number Barcode Date last seen Price effective from Koha item type
          Koleksioni i përgjithshem UBT - Lipjan UBT - Lipjan Koleksioni i përgjithshem 02/05/2018   174.4 BUCH 002-2997162 02/05/2018 02/05/2018 Books
UBT Library © 2015-2024. All rights reserved University Education for Business and Technology